[Event "CAN-ch U20"]
[Site "Toronto CAN"]
[Date "2019.08.09"]
[Round "4.7"]
[White "Xu, Daniel"]
[Black "Rusonik, Max"]
[Result "1/2-1/2"]
[WhiteElo "2092"]
[BlackElo "2179"]
[PlyCount "97"]
[EventDate "2019.08.08"]
[EventType "swiss"]
[EventRounds "8"]
[EventCountry "CAN"]

1. d4 d5 2. c4 e6 3. Nc3 a6 4. cxd5 exd5 5. Bf4 Nf6 6. e3 Bd6 7. Bg5 Be6 8. Bd3
Nbd7 9. Nge2 O-O 10. Qc2 h6 11. Bf4 Qe7 12. O-O Rfc8 13. Bxd6 Qxd6 14. Rac1 b6
15. Rfd1 c5 16. dxc5 bxc5 17. Nf4 Qe5 18. Nxe6 fxe6 19. Qe2 c4 20. Bb1 Rab8 21.
f4 Qc7 22. f5 Qb6 23. fxe6 Qxe6 24. Qf3 Ne5 25. Qf4 Rd8 26. Bf5 Qe7 27. Rd2 g6
28. Bb1 Kg7 29. Rcd1 Neg4 30. Nxd5 Nxd5 31. Qxg4 Qxe3+ 32. Kh1 Ne7 33. Rxd8
Rxd8 34. Rf1 Rf8 35. Qxc4 Rf2 36. Rxf2 Qxf2 37. Qc1 Nd5 38. Be4 Ne3 39. Bf3 Nc4
40. b3 Ne5 41. Qa1 Kf6 42. a4 Ke6 43. Qd1 Nxf3 44. gxf3 a5 45. Qd3 g5 46. Qg6+
Ke5 47. Qe4+ Kf6 48. Qd3 h5 49. Qd6+ 1/2-1/2

[Event "CAN-ch U20"]
[Site "Toronto CAN"]
[Date "2019.08.09"]
[Round "4.8"]
[White "Ahmed, Syed Ibrahim"]
[Black "Hua, Eugene"]
[Result "0-1"]
[WhiteElo "2085"]
[BlackElo "2415"]
[PlyCount "66"]
[EventDate "2019.08.08"]
[EventType "swiss"]
[EventRounds "8"]
[EventCountry "CAN"]

1. d4 Nf6 2. c4 e6 3. g3 d5 4. Nf3 dxc4 5. Bg2 a6 6. O-O Nc6 7. e3 Bd7 8. Nfd2
b5 9. b3 cxb3 10. Nxb3 Rb8 11. Bd2 Be7 12. Qc2 Nb4 13. Bxb4 Bxb4 14. Rc1 O-O
15. a3 Be7 16. N1d2 Ne8 17. Ne4 Bd6 18. Nec5 Bxc5 19. Nxc5 Bc8 20. Rab1 Nd6 21.
a4 Rb6 22. a5 Rb8 23. Qd2 Qe7 24. e4 e5 25. dxe5 Qxe5 26. f4 Qe7 27. e5 Nc4 28.
Qf2 Nxa5 29. Qe3 Rb6 30. Be4 Nc4 31. Qf2 Bg4 32. Nd3 Rd8 33. Kg2 f5 0-1

[Event "CAN-ch U20"]
[Site "Toronto CAN"]
[Date "2019.08.09"]
[Round "4.9"]
[White "Zhao, Jeffrey R"]
[Black "Demchenko, Svitlana"]
[Result "1-0"]
[WhiteElo "2131"]
[BlackElo "2288"]
[PlyCount "71"]
[EventDate "2019.08.08"]
[EventType "swiss"]
[EventRounds "8"]
[EventCountry "CAN"]

1. e4 c5 2. Nf3 e6 3. d4 cxd4 4. Nxd4 a6 5. Bd3 Qc7 6. O-O Nf6 7. Qe2 d6 8. f4
Nbd7 9. c4 Be7 10. b3 b6 11. Bb2 Bb7 12. Nc3 O-O 13. Rae1 Rfd8 14. Kh1 Bf8 15.
Bb1 Rac8 16. Nf3 e5 17. Nd5 Bxd5 18. exd5 exf4 19. Qd2 b5 20. cxb5 axb5 21.
Qxf4 Qc5 22. Ng5 Ne5 23. Bxe5 dxe5 24. Bxh7+ Nxh7 25. Qxf7+ Kh8 26. Qh5 Qc2 27.
Re4 Qxe4 28. Nxe4 Be7 29. Qxe5 Bf6 30. Nxf6 Nxf6 31. d6 Rc6 32. Rd1 Rdxd6 33.
Qxd6 Rxd6 34. Rxd6 Ne4 35. Rd8+ Kh7 36. a4 1-0

[Event "CAN-ch U20"]
[Site "Toronto CAN"]
[Date "2019.08.09"]
[Round "4.10"]
[White "Gao, Raymond"]
[Black "Joseph Benher, Savio"]
[Result "0-1"]
[WhiteElo "2154"]
[BlackElo "2044"]
[PlyCount "150"]
[EventDate "2019.08.08"]
[EventType "swiss"]
[EventRounds "8"]
[EventCountry "CAN"]

1. e4 e6 2. d4 d5 3. Nd2 c5 4. exd5 Qxd5 5. Ngf3 cxd4 6. Bc4 Qd7 7. O-O Nf6 8.
Nb3 Nc6 9. Nbxd4 Nxd4 10. Nxd4 a6 11. Re1 Qc7 12. Bf1 Be7 13. g3 O-O 14. Qe2
Rd8 15. Nb3 Bd7 16. a4 Bc6 17. a5 Rac8 18. c3 Bb5 19. Qf3 Bxf1 20. Rxf1 Nd5 21.
h4 h6 22. Ra4 Qd7 23. Rg4 Nf6 24. Rd4 Qb5 25. Rxd8+ Rxd8 26. Nd4 Qd5 27. Kg2
Qxf3+ 28. Kxf3 Rd5 29. Be3 Rxa5 30. c4 Ra2 31. b3 e5 32. Nf5 e4+ 33. Kf4 Bd8
34. Bd4 Rd2 35. Be5 Rd3 36. Bxf6 Bxf6 37. Rb1 Rf3+ 38. Kxe4 Rxf2 39. b4 Re2+
40. Kf3 Rd2 41. c5 Rd5 42. Nd6 b6 43. Rc1 bxc5 44. bxc5 Be7 45. Ke4 Rd2 46. Nf5
Bd8 47. c6 Bc7 48. Ne7+ Kf8 49. Nd5 Bxg3 50. c7 Bxc7 51. Nxc7 Rh2 52. Nxa6
Rxh4+ 53. Kf3 g5 54. Nc5 f5 55. Rd1 Rh3+ 56. Kg2 Rc3 57. Rd5 f4 58. Ne4 Ra3 59.
Nxg5 Rg3+ 60. Kf2 hxg5 61. Rd6 Ke7 62. Ra6 g4 63. Rg6 Kf7 64. Ra6 Rb3 65. Ra4
Rf3+ 66. Kg2 Kf6 67. Ra5 Rb3 68. Kf2 g3+ 69. Kg2 Rb2+ 70. Kg1 f3 71. Ra1 Kg5
72. Rc1 Kg4 73. Ra1 Kh3 74. Rf1 f2+ 75. Rxf2 Rxf2 0-1

[Event "CAN-ch U20"]
[Site "Toronto CAN"]
[Date "2019.08.09"]
[Round "4.11"]
[White "Lazarev, Shon"]
[Black "Zheng, Kevin"]
[Result "1/2-1/2"]
[WhiteElo "1619"]
[BlackElo "2081"]
[PlyCount "86"]
[EventDate "2019.08.08"]
[EventType "swiss"]
[EventRounds "8"]
[EventCountry "CAN"]

1. d4 Nf6 2. c4 g6 3. Nf3 Bg7 4. Nc3 d5 5. Qb3 dxc4 6. Qxc4 a6 7. Bf4 c6 8. e4
b5 9. Qb3 Bb7 10. e5 Nd5 11. Nxd5 Qxd5 12. Qxd5 cxd5 13. Bd3 O-O 14. a3 Nd7 15.
O-O Nb6 16. b3 e6 17. Bd2 Rfc8 18. Rfb1 Bc6 19. Ba5 Rab8 20. g4 Be8 21. g5 Bf8
22. Ne1 Nd7 23. Nc2 Ra8 24. Nb4 Bxb4 25. Bxb4 a5 26. Bd6 Nb6 27. Rc1 a4 28.
bxa4 Rxc1+ 29. Rxc1 Rxa4 30. Bxb5 Bxb5 31. Rb1 Nc4 32. Rxb5 Nxd6 33. exd6 Ra8
34. a4 Kf8 35. Kg2 Ke8 36. a5 Kd7 37. Rb7+ Ke8 38. Kg3 Rxa5 39. Kf4 Ra2 40.
Re7+ Kf8 41. Rb7 Ke8 42. Ke3 Ra3+ 43. Kf4 Ra2 1/2-1/2

[Event "CAN-ch U20"]
[Site "Toronto CAN"]
[Date "2019.08.10"]
[Round "5.1"]
[White "Rodrigue-Lemieux, Shawn"]
[Black "Graif, William"]
[Result "0-1"]
[WhiteElo "2331"]
[BlackElo "2167"]
[PlyCount "48"]
[EventDate "2019.08.08"]
[EventType "swiss"]
[EventRounds "8"]
[EventCountry "CAN"]

1. Nf3 d5 2. g3 Nc6 3. d4 Bg4 4. Bg2 Qd7 5. O-O O-O-O 6. Nbd2 f6 7. c4 dxc4 8.
Qa4 Kb8 9. Qxc4 Nxd4 10. Nb3 Qb5 11. Qxb5 Nxb5 12. Be3 e5 13. Rac1 Ne7 14. a4
Nd6 15. Na5 b6 16. Nb3 Be6 17. Na1 Nc4 18. Rfd1 Rxd1+ 19. Rxd1 Nxb2 20. Rd8+
Nc8 21. a5 Rg8 22. axb6 axb6 23. Bc1 Nc4 24. Rd1 Be7 0-1

[Event "CAN-ch U20"]
[Site "Toronto CAN"]
[Date "2019.08.10"]
[Round "5.3"]
[White "Tanaka, Tyler"]
[Black "Zhang, Henry"]
[Result "0-1"]
[WhiteElo "2239"]
[BlackElo "2245"]
[PlyCount "94"]
[EventDate "2019.08.08"]
[EventType "swiss"]
[EventRounds "8"]
[EventCountry "CAN"]

1. e4 c5 2. Ne2 Nc6 3. Nbc3 e6 4. d4 cxd4 5. Nxd4 Qc7 6. Be2 a6 7. O-O Nf6 8.
Be3 Be7 9. f4 d6 10. Kh1 O-O 11. Qe1 Nxd4 12. Bxd4 b5 13. a3 Bb7 14. Qg3 Bc6
15. Bd3 Rad8 16. Rae1 Qd7 17. Rd1 Nh5 18. Qg4 g6 19. f5 e5 20. Be3 Nf6 21. Qh3
Rfe8 22. Bg5 Nh5 23. f6 Qxh3 24. fxe7 Qd7 25. exd8=Q Rxd8 26. Bxd8 Qxd8 27. Be2
Nf4 28. Bf3 a5 29. Rfe1 b4 30. axb4 axb4 31. Ne2 Ne6 32. Rd2 Qa8 33. Ng3 Nd4
34. c3 bxc3 35. bxc3 Qa5 36. Re3 f5 37. exf5 gxf5 38. Ne2 f4 39. Nxd4 Bxf3 40.
Nxf3 fxe3 41. Re2 Qxc3 42. g3 Qd3 43. Re1 e4 44. Ng1 d5 45. Kg2 d4 46. Re2 Qd1
47. Ra2 Qd2+ 0-1

[Event "CAN-ch U20"]
[Site "Toronto CAN"]
[Date "2019.08.10"]
[Round "5.4"]
[White "Zhao, Harry"]
[Black "Kang, Dorian"]
[Result "0-1"]
[WhiteElo "2159"]
[BlackElo "2206"]
[PlyCount "104"]
[EventDate "2019.08.08"]
[EventType "swiss"]
[EventRounds "8"]
[EventCountry "CAN"]

1. d4 Nf6 2. Nf3 d5 3. c4 e6 4. Nc3 Bb4 5. Qc2 O-O 6. Bg5 h6 7. Bh4 c5 8. e3
cxd4 9. exd4 Nc6 10. a3 Be7 11. Rd1 Nh5 12. Bg3 Nxg3 13. hxg3 Bf6 14. c5 b6 15.
Bb5 Bd7 16. Qa4 Qc7 17. b4 bxc5 18. bxc5 a6 19. Bxc6 Bxc6 20. Qc2 Qa5 21. g4
Rfb8 22. O-O Qxa3 23. Ra1 Qb3 24. Qxb3 Rxb3 25. Na4 Bd8 26. Ne5 Bb5 27. Rfc1 f6
28. Nf3 Bc6 29. Rc2 Bc7 30. Nb6 Bxb6 31. cxb6 Rxb6 32. Rac1 Rc8 33. Rc5 Kf7 34.
Nd2 Ke7 35. R1c3 Kd7 36. Nb3 Bb7 37. Kh2 Rxc5 38. Nxc5+ Kd6 39. Ra3 Bc8 40. Kg3
e5 41. Nb3 Rb4 42. dxe5+ fxe5 43. f3 Rc4 44. Nd2 Rc2 45. Rd3 Kc5 46. Kh4 Bd7
47. g5 hxg5+ 48. Kxg5 Bb5 49. Nb3+ Kc4 50. Re3 d4 51. Na5+ Kb4 52. Rxe5 Kxa5
0-1

[Event "CAN-ch U20"]
[Site "Toronto CAN"]
[Date "2019.08.10"]
[Round "5.5"]
[White "Hua, Eugene"]
[Black "Xu, Daniel"]
[Result "1-0"]
[WhiteElo "2415"]
[BlackElo "2052"]
[PlyCount "65"]
[EventDate "2019.08.08"]
[EventType "swiss"]
[EventRounds "8"]
[EventCountry "CAN"]

1. d4 Nf6 2. Bf4 g6 3. Nc3 d5 4. Nb5 Na6 5. e3 Bg7 6. Nf3 c6 7. Nc3 O-O 8. Bxa6
bxa6 9. h3 Qb6 10. Rb1 c5 11. O-O cxd4 12. Nxd4 Bd7 13. Be5 e6 14. Qf3 Nh5 15.
Bxg7 Kxg7 16. g4 Nf6 17. Qg3 Qb8 18. f4 Qd6 19. Rbd1 Qb6 20. Rb1 Rac8 21. Qf3
Qd6 22. Rf2 Bc6 23. Rbf1 Ne4 24. Nxe4 dxe4 25. Qd1 Rfd8 26. b3 f5 27. Rd2 Kg8
28. Rff2 Qc5 29. Nxe6 Rxd2 30. Qxd2 Qe7 31. gxf5 Qf6 32. Qd4 Qxd4 33. Nxd4 1-0

[Event "CAN-ch U20"]
[Site "Toronto CAN"]
[Date "2019.08.10"]
[Round "5.6"]
[White "Rusonik, Max"]
[Black "Zhao, Jeffrey R"]
[Result "1-0"]
[WhiteElo "2179"]
[BlackElo "2131"]
[PlyCount "75"]
[EventDate "2019.08.08"]
[EventType "swiss"]
[EventRounds "8"]
[EventCountry "CAN"]

1. e4 c5 2. Nf3 d6 3. d4 cxd4 4. Nxd4 Nf6 5. Nc3 a6 6. Bg5 e6 7. Qf3 Be7 8. Be2
Qc7 9. a4 Nbd7 10. O-O h6 11. Be3 O-O 12. Qg3 Kh8 13. f4 b6 14. Bf3 Bb7 15. f5
e5 16. Nb3 Rac8 17. Nd2 Nc5 18. Qh3 Rfd8 19. g4 Nh7 20. Qg3 Nxe4 21. Ncxe4 d5
22. f6 Bf8 23. fxg7+ Bxg7 24. c3 dxe4 25. Bxe4 Nf6 26. Bxb7 Qxb7 27. g5 hxg5
28. Bxg5 Rd6 29. Rxf6 Rxf6 30. Qh4+ Kg8 31. Bxf6 Bxf6 32. Qxf6 Rc6 33. Qd8+ Kg7
34. Ne4 Rg6+ 35. Ng3 Qf3 36. Qd2 f5 37. Rf1 Qe4 38. Qd7+ 1-0

[Event "CAN-ch U20"]
[Site "Toronto CAN"]
[Date "2019.08.10"]
[Round "5.7"]
[White "Joseph Benher, Savio"]
[Black "Li, William"]
[Result "0-1"]
[WhiteElo "2044"]
[BlackElo "2292"]
[PlyCount "98"]
[EventDate "2019.08.08"]
[EventType "swiss"]
[EventRounds "8"]
[EventCountry "CAN"]

1. e4 c5 2. Nf3 e6 3. d4 cxd4 4. Nxd4 Nf6 5. Nc3 Nc6 6. g3 Bb4 7. Bg2 h5 8. O-O
h4 9. Nxc6 bxc6 10. e5 h3 11. Bh1 Nd5 12. Nxd5 cxd5 13. Qg4 Bf8 14. c4 Ba6 15.
cxd5 Bxf1 16. dxe6 Bg2 17. Bxg2 hxg2 18. exf7+ Kxf7 19. Qf5+ Kg8 20. e6 Qe8 21.
exd7 Qf7 22. Qxf7+ Kxf7 23. Be3 Be7 24. Rc1 Rhd8 25. Kxg2 Rxd7 26. b3 a5 27. h4
Bd6 28. h5 Rc7 29. Rd1 Ke6 30. g4 Rc2 31. Bd4 Rf8 32. Rf1 Bc5 33. Bxc5 Rxc5 34.
f4 Rc3 35. Re1+ Kf6 36. Re5 Rd8 37. g5+ Kf7 38. Re2 Rcd3 39. Kf2 Rd2 40. a3
Rxe2+ 41. Kxe2 Rb8 42. b4 axb4 43. axb4 Rxb4 44. Kf3 Ke6 45. Kg4 Rb5 46. f5+
Rxf5 47. h6 gxh6 48. gxh6 Rf8 49. Kg5 Kf7 0-1

[Event "CAN-ch U20"]
[Site "Toronto CAN"]
[Date "2019.08.10"]
[Round "5.8"]
[White "Huang, Youhe"]
[Black "Ahmed, Syed Ibrahim"]
[Result "1-0"]
[WhiteElo "2126"]
[BlackElo "2085"]
[PlyCount "73"]
[EventDate "2019.08.08"]
[EventType "swiss"]
[EventRounds "8"]
[EventCountry "CAN"]

1. Nf3 Nf6 2. c4 c6 3. b3 d5 4. Bb2 Bf5 5. g3 Nbd7 6. Bg2 e6 7. d3 dxc4 8. bxc4
Be7 9. O-O h6 10. e4 Bg6 11. Qe2 Nc5 12. Rd1 O-O 13. Nc3 Qc7 14. e5 Nh7 15. d4
Nd7 16. d5 Bd8 17. Ba3 cxd5 18. Nb5 Qa5 19. Bxf8 Ndxf8 20. cxd5 exd5 21. Nfd4
a6 22. Nd6 Rb8 23. Nb3 Qb4 24. Rd4 Qa3 25. Bxd5 b5 26. h4 h5 27. g4 Ne6 28.
Bxe6 fxe6 29. gxh5 Bf5 30. Qf3 Bb6 31. Rf4 Bc2 32. Qh3 Nf8 33. h6 gxh6 34. Qg4+
Kh8 35. Rf6 Ng6 36. Rxg6 Bxg6 37. Qxg6 1-0

[Event "CAN-ch U20"]
[Site "Toronto CAN"]
[Date "2019.08.10"]
[Round "5.9"]
[White "Demchenko, Svitlana"]
[Black "Gao, Raymond"]
[Result "1/2-1/2"]
[WhiteElo "2288"]
[BlackElo "2154"]
[PlyCount "46"]
[EventDate "2019.08.08"]
[EventType "swiss"]
[EventRounds "8"]
[EventCountry "CAN"]

1. d4 Nf6 2. c4 c5 3. Nf3 cxd4 4. Nxd4 Nc6 5. Nc3 e6 6. a3 Bc5 7. Nc2 O-O 8. e3
d5 9. b4 Be7 10. Be2 dxc4 11. Qxd8 Rxd8 12. Bxc4 b6 13. Bb2 Bb7 14. f3 Nd7 15.
O-O-O Rac8 16. Be2 a5 17. b5 Nce5 18. Na4 Bd5 19. Bxe5 Bb3 20. Nc3 Nxe5 21. Kb2
Bxc2 22. Kxc2 Rxd1 23. Rxd1 Bxa3 1/2-1/2

[Event "CAN-ch U20"]
[Site "Toronto CAN"]
[Date "2019.08.10"]
[Round "6.1"]
[White "Graif, William"]
[Black "Zhang, Henry"]
[Result "1-0"]
[WhiteElo "2167"]
[BlackElo "2245"]
[PlyCount "49"]
[EventDate "2019.08.08"]
[EventType "swiss"]
[EventRounds "8"]
[EventCountry "CAN"]

1. e4 c5 2. Nc3 Nc6 3. Bb5 Nd4 4. Nf3 e6 5. O-O a6 6. Bd3 Ne7 7. Nxd4 cxd4 8.
Ne2 d5 9. f4 Nc6 10. Qe1 g6 11. Qg3 Bg7 12. e5 f6 13. b3 Qc7 14. exf6 Bxf6 15.
Ba3 Bd7 16. Bxg6+ Kd8 17. Bd3 Kc8 18. Bb2 b6 19. Qf2 e5 20. fxe5 Bxe5 21. Qh4
Rg8 22. Rf7 Rg4 23. Qxh7 Nd8 24. Rxd7 Bxh2+ 25. Kh1 1-0

[Event "CAN-ch U20"]
[Site "Toronto CAN"]
[Date "2019.08.10"]
[Round "6.3"]
[White "Hua, Eugene"]
[Black "Rusonik, Max"]
[Result "1-0"]
[WhiteElo "2415"]
[BlackElo "2179"]
[PlyCount "99"]
[EventDate "2019.08.08"]
[EventType "swiss"]
[EventRounds "8"]
[EventCountry "CAN"]

1. c4 f5 2. g3 Nf6 3. Bg2 g6 4. Nc3 Bg7 5. d3 d6 6. e4 c6 7. Nge2 O-O 8. O-O e5
9. exf5 gxf5 10. d4 Be6 11. b3 Qa5 12. Bd2 Qc7 13. c5 dxc5 14. dxe5 Ng4 15. Nf4
Bc8 16. e6 Re8 17. Qc2 Bxe6 18. Nxe6 Rxe6 19. Qxf5 Rd6 20. Bf4 Qd7 21. Qxd7
Rxd7 22. Rac1 Ne5 23. Bh3 Rd3 24. Bxe5 Bxe5 25. Ne4 b6 26. Rcd1 Rd4 27. f4 Rxd1
28. Rxd1 Bd4+ 29. Kg2 a5 30. Be6+ Kg7 31. g4 Na6 32. g5 Re8 33. f5 Nc7 34. f6+
Kh8 35. Bf5 Nd5 36. Nd6 Rf8 37. Re1 Bxf6 38. gxf6 Rxf6 39. Re8+ Kg7 40. Rd8
Ne3+ 41. Kf3 Nxf5 42. Ne8+ Kg6 43. Nxf6 Kxf6 44. Ke4 Nd4 45. Rb8 b5 46. Ra8 Kg5
47. Rxa5 Kg4 48. Ra7 h5 49. Rg7+ Kh3 50. Rg5 1-0

[Event "CAN-ch U20"]
[Site "Toronto CAN"]
[Date "2019.08.10"]
[Round "6.4"]
[White "Kang, Dorian"]
[Black "Issani, Nameer"]
[Result "1/2-1/2"]
[WhiteElo "2206"]
[BlackElo "2257"]
[PlyCount "54"]
[EventDate "2019.08.08"]
[EventType "swiss"]
[EventRounds "8"]
[EventCountry "CAN"]

1. c4 e5 2. a3 Nf6 3. d3 d5 4. cxd5 Nxd5 5. Nf3 Nc6 6. g3 f6 7. Bg2 Be6 8. Nc3
Qd7 9. O-O O-O-O 10. Bd2 g5 11. b4 Kb8 12. b5 Nce7 13. Qc2 Ng6 14. Rfc1 Be7 15.
Nxd5 Bxd5 16. Be3 Bd6 17. Qa4 b6 18. Ne1 Bxg2 19. Kxg2 h5 20. Nc2 a5 21. h3
Nf4+ 22. Bxf4 gxf4 23. Nb4 Rdg8 24. Nc6+ Kc8 25. Qe4 f5 26. Qd5 Qg7 27. Qe6+
Qd7 1/2-1/2

[Event "CAN-ch U20"]
[Site "Toronto CAN"]
[Date "2019.08.10"]
[Round "6.5"]
[White "Li, William"]
[Black "Tanaka, Tyler"]
[Result "1-0"]
[WhiteElo "2292"]
[BlackElo "2239"]
[PlyCount "189"]
[EventDate "2019.08.08"]
[EventType "swiss"]
[EventRounds "8"]
[EventCountry "CAN"]

1. d4 Nf6 2. c4 g6 3. Nc3 Bg7 4. e4 d6 5. f3 O-O 6. Nge2 a6 7. Ng3 c5 8. d5 e6
9. a4 exd5 10. cxd5 h5 11. Bg5 Nbd7 12. Be2 Qc7 13. O-O Rb8 14. Qd2 c4 15. Be3
Re8 16. Qc2 Ne5 17. h3 Ned7 18. f4 h4 19. Nh1 Nxe4 20. Nxe4 f5 21. Nhf2 fxe4
22. Nxe4 Nb6 23. a5 Nxd5 24. Qxc4 Qxc4 25. Bxc4 Be6 26. Ba7 Rbd8 27. Ng5 Nc7
28. Nxe6 Nxe6 29. Bb6 Rd7 30. Rae1 d5 31. Bb3 Nc7 32. Ba4 Rxe1 33. Bxd7 Re7 34.
Bc8 Nb5 35. Kf2 Bxb2 36. Re1 Rxe1 37. Kxe1 Nd6 38. Be6+ Kg7 39. Bxd5 Ba3 40.
Ke2 Bb4 41. Kf3 Kf6 42. Kg4 Be1 43. Bd8+ Kg7 44. Bc7 Bb4 45. Bf3 Nc4 46. Bxb7
Nxa5 47. Bxa6 Be1 48. Bd8 Nc6 49. Bxh4 Bd2 50. Bf2 Ne7 51. Kg5 Nd5 52. Bd4+ Kh7
53. Be5 Ba5 54. Kg4 Kh6 55. Bb7 Ne3+ 56. Kf3 Nc4 57. Bf6 Nd2+ 58. Kg4 Nc4 59.
Bd4 Nd6 60. Bd5 Nf5 61. Bc5 Kg7 62. Be6 Nh6+ 63. Kf3 Bd8 64. g4 Bc7 65. Bd4+
Kh7 66. h4 Ba5 67. Ke4 Be1 68. Bf6 Bg3 69. Kf3 Be1 70. Ke3 Bg3 71. Ke4 Be1 72.
Kf3 Ng8 73. Bxg8+ Kxg8 74. h5 gxh5 75. gxh5 Bd2 76. Kg4 Kf7 77. Be5 Kg8 78. Kg5
Kh7 79. h6 Bc1 80. Bg7 Bd2 81. Kf5 Bc1 82. Kg4 Bd2 83. Kf5 Bc1 84. Ke5 Kg6 85.
f5+ Kf7 86. Ke4 Bg5 87. Kf3 Bc1 88. Kg4 Ba3 89. Kh5 Be7 90. Bc3 Bf6 91. Bxf6
Kxf6 92. h7 Kg7 93. Kg5 Kxh7 94. Kf6 Kg8 95. Ke7 1-0

[Event "CAN-ch U20"]
[Site "Toronto CAN"]
[Date "2019.08.10"]
[Round "6.6"]
[White "Zhao, Harry"]
[Black "Huang, Youhe"]
[Result "0-1"]
[WhiteElo "2159"]
[BlackElo "2125"]
[PlyCount "76"]
[EventDate "2019.08.08"]
[EventType "swiss"]
[EventRounds "8"]
[EventCountry "CAN"]

1. d4 Nf6 2. Nf3 c5 3. e3 d5 4. dxc5 e6 5. a3 Bxc5 6. b4 Bd6 7. Bb2 Nbd7 8. c4
Qe7 9. c5 Bc7 10. Nc3 O-O 11. Be2 Rd8 12. O-O Nf8 13. Qc2 Ng6 14. Rfd1 e5 15.
Nb5 Bb8 16. c6 bxc6 17. Qxc6 Bb7 18. Qc2 a6 19. Nc3 Ba7 20. b5 d4 21. exd4 exd4
22. Na2 Rac8 23. Qd2 Ne4 24. Qb4 Bc5 25. Qa5 Nxf2 26. bxa6 Nxd1 27. Bxd1 d3+
28. Kh1 Ba8 29. Qd2 Be3 30. Qe1 d2 31. Qg3 Bf4 32. Qf2 Bxf3 33. Bxf3 Rc2 34.
Rd1 Rxb2 35. Nb4 Qe3 36. Qxe3 Bxe3 37. Nc6 Re8 38. a7 Bxa7 0-1

[Event "CAN-ch U20"]
[Site "Toronto CAN"]
[Date "2019.08.10"]
[Round "6.7"]
[White "Zhao, Jeffrey R"]
[Black "Joseph Benher, Savio"]
[Result "1-0"]
[WhiteElo "2131"]
[BlackElo "2055"]
[PlyCount "179"]
[EventDate "2019.08.08"]
[EventType "swiss"]
[EventRounds "8"]
[EventCountry "CAN"]

1. e4 e6 2. d4 d5 3. Nc3 Bb4 4. e5 b6 5. a3 Bf8 6. Nf3 Ba6 7. Bxa6 Nxa6 8. Ne2
Qd7 9. O-O Ne7 10. Ng3 c5 11. c3 c4 12. Bg5 Nc6 13. Nh5 h6 14. Bh4 Rg8 15. Qc2
Be7 16. Qh7 O-O-O 17. Nxg7 Bxh4 18. Nxh4 Qe7 19. Nf3 f5 20. exf6 Qxf6 21. Nh5
Qxf3 22. Ng3 Qf4 23. Rfe1 Nc7 24. Qc2 Na5 25. Re5 Rdf8 26. Rae1 Nc6 27. R5e3
Qg4 28. Qh7 Rh8 29. Qc2 h5 30. f3 Qg5 31. Nf1 Rhg8 32. Kh1 h4 33. h3 e5 34.
dxe5 Ne6 35. Nh2 Ne7 36. Kg1 Nf5 37. R3e2 Nf4 38. Ng4 Nxe2+ 39. Qxe2 Nh6 40.
Nf6 Rg7 41. Nxd5 Kb7 42. Rd1 Rfg8 43. Rd2 Qf5 44. Qe3 Qxh3 45. Nf4 Qf5 46. Kh2
Rf8 47. Rd4 Rg4 48. e6 Qg5 49. Qe4+ Kb8 50. fxg4 Nxg4+ 51. Kg1 h3 52. gxh3 Ne5+
53. Kh1 Nd3 54. Qg2 Qe5 55. Rd7 Nc5 56. Rf7 Re8 57. Qd5 Qxd5+ 58. Nxd5 Rxe6 59.
Re7 Rd6 60. Ne3 Rh6 61. Kg2 Rh4 62. Kg3 Rh6 63. Nxc4 b5 64. Re5 Rg6+ 65. Kf3
Rc6 66. Na5 Rc8 67. b4 Na4 68. Rxb5+ Ka8 69. c4 Nb6 70. Rc5 Rf8+ 71. Kg4 Rg8+
72. Rg5 Rf8 73. h4 Kb8 74. h5 Rd8 75. h6 Rh8 76. Kh5 Nd7 77. Kg6 Rg8+ 78. Kf5
Rh8 79. Rh5 Kc7 80. Kg6 Rg8+ 81. Kf7 Rf8+ 82. Kg7 Re8 83. h7 Re7+ 84. Kh6 Re8
85. Kg6 Re6+ 86. Kf7 Rf6+ 87. Kg7 Re6 88. h8=Q Re7+ 89. Kg6 Re6+ 90. Kf7 1-0

[Event "CAN-ch U20"]
[Site "Toronto CAN"]
[Date "2019.08.10"]
[Round "6.8"]
[White "Gao, Raymond"]
[Black "Xu, Daniel"]
[Result "1-0"]
[WhiteElo "2154"]
[BlackElo "2092"]
[PlyCount "69"]
[EventDate "2019.08.08"]
[EventType "swiss"]
[EventRounds "8"]
[EventCountry "CAN"]

1. e4 c5 2. Nf3 d6 3. d4 Nf6 4. Nc3 cxd4 5. Nxd4 a6 6. Bc4 e6 7. Bb3 Nbd7 8.
Bg5 Nc5 9. f4 Be7 10. Qf3 Qc7 11. O-O O-O 12. Kh1 b5 13. f5 b4 14. Na4 e5 15.
Ne2 Bb7 16. Bxf6 Bxf6 17. Nxc5 dxc5 18. Bc4 Rfd8 19. Ng3 Rd4 20. b3 Bc6 21.
Rae1 Bb5 22. Bd5 Rd8 23. Rf2 c4 24. Nh5 Qe7 25. Rg1 c3 26. g4 h6 27. g5 hxg5
28. h4 R8xd5 29. hxg5 Bxg5 30. f6 Qe6 31. exd5 Rh4+ 32. Rh2 Rxh2+ 33. Kxh2 Bf4+
34. Qxf4 Qxd5 35. fxg7 1-0

[Event "CAN-ch U20"]
[Site "Toronto CAN"]
[Date "2019.08.10"]
[Round "6.9"]
[White "Zheng, Kevin"]
[Black "Demchenko, Svitlana"]
[Result "0-1"]
[WhiteElo "2081"]
[BlackElo "2288"]
[PlyCount "108"]
[EventDate "2019.08.08"]
[EventType "swiss"]
[EventRounds "8"]
[EventCountry "CAN"]

1. d4 Nf6 2. c4 g6 3. Nc3 Bg7 4. Bf4 d6 5. Nf3 O-O 6. e3 Nbd7 7. Be2 b6 8. O-O
Bb7 9. Qc2 Nh5 10. Bg5 h6 11. Bh4 c5 12. d5 g5 13. Nd2 Ndf6 14. Qd1 gxh4 15.
Bxh5 h3 16. gxh3 Nxh5 17. Qxh5 Kh8 18. Nf3 e6 19. Kh1 exd5 20. cxd5 Qf6 21. Rg1
Bc8 22. Rg5 Bg4 23. hxg4 Qxf3+ 24. Kg1 Qf6 25. h4 b5 26. Ne4 Qxb2 27. Rf1 Rad8
28. Ng3 Qf6 29. Kh2 Kg8 30. Ne4 Qe7 31. Qxh6 f6 32. Rg6 Rf7 33. g5 Qxe4 34.
gxf6 Qe5+ 35. f4 Qxf6 36. Rxf6 Bxh6 37. Rxh6 Rh7 38. Rg1+ Kh8 39. Rhg6 Rxh4+
40. Kg3 Rh7 41. Kf3 c4 42. Ke4 Rh2 43. Kd4 Rd7 44. a4 a6 45. axb5 axb5 46. R1g3
Rc7 47. Rxd6 c3 48. Rc6 Rxc6 49. dxc6 c2 50. Rg1 Rd2+ 51. Ke4 Rd1 52. c7 c1=Q
53. Rxd1 Qxc7 54. Rd4 b4 0-1

[Event "CAN-ch U20"]
[Site "Toronto CAN"]
[Date "2019.08.11"]
[Round "7.1"]
[White "Ning, Eric"]
[Black "Graif, William"]
[Result "0-1"]
[WhiteElo "2084"]
[BlackElo "2167"]
[PlyCount "98"]
[EventDate "2019.08.08"]
[EventType "swiss"]
[EventRounds "8"]
[EventCountry "CAN"]

1. d4 Nf6 2. c4 e6 3. Nf3 d5 4. Nc3 a6 5. cxd5 exd5 6. Bg5 Be6 7. e3 Nbd7 8.
Bd3 Bd6 9. Qc2 c6 10. a3 Qc7 11. Bh4 Bg4 12. h3 Bh5 13. e4 dxe4 14. Nxe4 Nxe4
15. Bxe4 Bg6 16. O-O O-O 17. Bxg6 hxg6 18. Rfe1 Rfe8 19. Re2 Nf8 20. Rae1 Rxe2
21. Rxe2 f6 22. Qb3+ Qf7 23. Qxf7+ Kxf7 24. Bg3 Be7 25. Rd2 Rd8 26. Kf1 Rd5 27.
Bf4 Ke6 28. Ke2 Kd7 29. Kd3 Ne6 30. Be3 a5 31. Rc2 a4 32. g3 Bd8 33. Ng1 f5 34.
Ne2 g5 35. f4 gxf4 36. Nxf4 Nxf4+ 37. gxf4 Bf6 38. Rd2 Kd6 39. Ke2 Rb5 40. Kd1
Rb3 41. Re2 Kd5 42. Kc2 b5 43. Bd2 Bxd4 44. Bc3 Bxc3 45. bxc3 Rxa3 46. Re5+ Kc4
47. Rxf5 Rxc3+ 48. Kb2 a3+ 49. Ka2 Rc2+ 0-1

[Event "CAN-ch U20"]
[Site "Toronto CAN"]
[Date "2019.08.11"]
[Round "7.2"]
[White "Rodrigue-Lemieux, Shawn"]
[Black "Hua, Eugene"]
[Result "0-1"]
[WhiteElo "2331"]
[BlackElo "2415"]
[PlyCount "50"]
[EventDate "2019.08.08"]
[EventType "swiss"]
[EventRounds "8"]
[EventCountry "CAN"]

1. Nf3 c5 2. e3 Nf6 3. d4 d5 4. b3 Nc6 5. Bb2 e6 6. Bd3 Bd6 7. O-O O-O 8. a3 b6
9. Nbd2 Bb7 10. Qe2 Rc8 11. Ne5 Ne7 12. Rac1 Ne4 13. Bxe4 dxe4 14. Rfd1 Qc7 15.
Ndc4 Bxe5 16. dxe5 Ba6 17. Rd2 Rcd8 18. Rcd1 Rxd2 19. Qxd2 Bxc4 20. bxc4 Nc6
21. Qc3 Rd8 22. Re1 Qd7 23. Bc1 Na5 24. f3 Qa4 25. fxe4 Qxc4 0-1

[Event "CAN-ch U20"]
[Site "Toronto CAN"]
[Date "2019.08.11"]
[Round "7.4"]
[White "Issani, Nameer"]
[Black "Li, William"]
[Result "1/2-1/2"]
[WhiteElo "2257"]
[BlackElo "2292"]
[PlyCount "99"]
[EventDate "2019.08.08"]
[EventType "swiss"]
[EventRounds "8"]
[EventCountry "CAN"]

1. Nf3 Nf6 2. g3 b6 3. Bg2 Bb7 4. O-O e6 5. d3 d6 6. Nbd2 Nbd7 7. b3 c5 8. Bb2
Be7 9. e4 Qc7 10. Re1 Ne5 11. Nxe5 dxe5 12. Nc4 Nd7 13. Qh5 Bf6 14. f4 g6 15.
Qf3 Bg7 16. fxe5 Nxe5 17. Qf4 f6 18. Nxe5 fxe5 19. Qg4 Qd6 20. Rf1 O-O-O 21.
Rf7 Rd7 22. Raf1 Re8 23. Qg5 Rg8 24. Rxd7 Qxd7 25. Kh1 Qe8 26. Bh3 Bc6 27. Qc1
Bd7 28. Qa1 Rf8 29. Bxe5 Rxf1+ 30. Bxf1 Bxe5 31. Qxe5 Qf8 32. Qf4 Qg7 33. e5 g5
34. Qe4 Kd8 35. Bg2 Qf7 36. Qf3 Qg7 37. Qe3 h6 38. c3 Qg6 39. Qe4 Qf7 40. Kg1
Qf8 41. Qa8+ Ke7 42. Qxa7 Qf5 43. Bc6 Qxd3 44. Qxd7+ Qxd7 45. Bxd7 Kxd7 46. c4
Kc6 47. Kf2 b5 48. Ke3 bxc4 49. bxc4 Kb6 50. Kd3 1/2-1/2